Tabers Cyclopedic Medical Dictionary (Record no. 159275)

MARC details
000 -LEADER
fixed length control field 00394nam a2200145Ia 4500
008 - FIXED-LENGTH DATA ELEMENTS--GENERAL INFORMATION
fixed length control field 230519s9999 xx 000 0 und d
020 ## - INTERNATIONAL STANDARD BOOK NUMBER
International Standard Book Number 0-8036-0194-8
041 ## - LANGUAGE CODE
Language code of text/sound track or separate title eng
082 ## - DEWEY DECIMAL CLASSIFICATION NUMBER
Classification number 603/THO/DB0535
100 ## - MAIN ENTRY--PERSONAL NAME
Personal name Thomas Clayton ed
9 (RLIN) 180398
245 ## - TITLE STATEMENT
Title Tabers Cyclopedic Medical Dictionary
260 ## - PUBLICATION, DISTRIBUTION, ETC. (IMPRINT)
Name of publisher, distributor, etc. F A Davis Company
Place of publication, distribution, etc. Philadelphia
Date of publication, distribution, etc. 1997
300 ## - PHYSICAL DESCRIPTION
Extent 2439p
Holdings
Withdrawn status Lost status Damaged status Not for loan Home library Current library Date acquired Cost, normal purchase price Bill number Total Checkouts Full call number Barcode Date last seen Bill Date Koha item type Original Barcode
        Smt. Bakul Tambat Institute of Nursing Education Smt. Bakul Tambat Institute of Nursing Education 03/08/2017 500.00 859   603 THO DB0535 BTIN-DB-535 19/05/2023 03/08/2017 Donated Book DB0535